000 00327nam a22001457a 4500
003 SGT
082 _a617.7, L13F
100 _aFEDER, ROBERT S.
245 _aTHE LASIK HB. : A CASE-BASED APPROACH
250 _a2ND
260 _aPHILADOLPHIA
_bWOLTERS
_c2013
300 _a362
650 _aOPHTHALMOLOGY
942 _2ddc
_cBK
999 _c9074
_d9074